| 000 | 00494nam a2200169Ia 4500 | ||
|---|---|---|---|
| 008 | 230917s9999||||xx |||||||||||||| ||und|| | ||
| 020 | _cRS1250 | ||
| 040 |
_e229575 _aMAIN |
||
| 041 | _aEnglish | ||
| 082 | _a355.00954 N164M | ||
| 100 | _aNarang, S C | ||
| 245 | 0 | _aMilitary strenghth of India, China and Pakistan: A comparative study | |
| 260 |
_aNew Delhi _bPrashant Publishing _c2015 |
||
| 300 | _avii, 352 p. | ||
| 500 | _a2205 10/12/2015 FP15/7571 11/12/2015 Main Budget | ||
| 942 | _cBK | ||
| 999 |
_c16874 _d16874 |
||